Presentation Open Access
Kamarauli, Mariam
<?xml version='1.0' encoding='UTF-8'?>
<record xmlns="http://www.loc.gov/MARC21/slim">
<leader>00000nam##2200000uu#4500</leader>
<datafield tag="542" ind1=" " ind2=" ">
<subfield code="l">open</subfield>
</datafield>
<datafield tag="540" ind1=" " ind2=" ">
<subfield code="u">https://creativecommons.org/licenses/by/4.0/legalcode</subfield>
<subfield code="a">Creative Commons Attribution 4.0 International</subfield>
</datafield>
<datafield tag="980" ind1=" " ind2=" ">
<subfield code="a">presentation</subfield>
</datafield>
<datafield tag="520" ind1=" " ind2=" ">
<subfield code="a"><p>Presentation &quot;Decipherment of Georgian palimpsests with digital methods: technologies and tools&quot;, Batumi Summer School 2023, Batumi.</p></subfield>
</datafield>
<controlfield tag="005">20240703105815.0</controlfield>
<datafield tag="024" ind1=" " ind2=" ">
<subfield code="a">10.25592/uhhfdm.14581</subfield>
<subfield code="2">doi</subfield>
</datafield>
<datafield tag="500" ind1=" " ind2=" ">
<subfield code="a">The research for this presentation was funded by the European Research Council (ERC) under ERC´s Advanced Grant funding scheme – 'The Development of Literacy in the Caucasian Territories' (DeLiCaTe), grant ID: 101019006. The research was conducted within the scope of the Centre for the Study of Manuscript Cultures (CSMC) at Universität Hamburg.
Project Website: https://www.csmc.uni-hamburg.de/delicate/
CORDIS Project DOI: https://doi.org/10.3030/101019006</subfield>
</datafield>
<datafield tag="260" ind1=" " ind2=" ">
<subfield code="c">2023-08-06</subfield>
</datafield>
<controlfield tag="001">14581</controlfield>
<datafield tag="650" ind1="1" ind2="7">
<subfield code="a">cc-by</subfield>
<subfield code="2">opendefinition.org</subfield>
</datafield>
<datafield tag="909" ind1="C" ind2="O">
<subfield code="o">oai:fdr.uni-hamburg.de:14581</subfield>
<subfield code="p">user-csmc</subfield>
<subfield code="p">user-uhh</subfield>
</datafield>
<datafield tag="245" ind1=" " ind2=" ">
<subfield code="a">Decipherment of Georgian palimpsests with digital methods: technologies and tools</subfield>
</datafield>
<datafield tag="773" ind1=" " ind2=" ">
<subfield code="a">10.25592/uhhfdm.14580</subfield>
<subfield code="i">isVersionOf</subfield>
<subfield code="n">doi</subfield>
</datafield>
<datafield tag="856" ind1="4" ind2=" ">
<subfield code="s">4725521</subfield>
<subfield code="u">https://www.fdr.uni-hamburg.de/record/14581/files/mk_khikhadziri_2023-09.pdf</subfield>
<subfield code="z">md5:acc10957fc27dc93f4f7fdf8f8439f2f</subfield>
</datafield>
<datafield tag="041" ind1=" " ind2=" ">
<subfield code="a">eng</subfield>
</datafield>
<datafield tag="653" ind1=" " ind2=" ">
<subfield code="a">CSMC</subfield>
</datafield>
<datafield tag="653" ind1=" " ind2=" ">
<subfield code="a">manuscript cultures</subfield>
</datafield>
<datafield tag="653" ind1=" " ind2=" ">
<subfield code="a">DeLiCaTe</subfield>
</datafield>
<datafield tag="653" ind1=" " ind2=" ">
<subfield code="a">Caucasus</subfield>
</datafield>
<datafield tag="653" ind1=" " ind2=" ">
<subfield code="a">literacy</subfield>
</datafield>
<datafield tag="653" ind1=" " ind2=" ">
<subfield code="a">manuscript studies</subfield>
</datafield>
<datafield tag="653" ind1=" " ind2=" ">
<subfield code="a">ERC Grant</subfield>
</datafield>
<datafield tag="100" ind1=" " ind2=" ">
<subfield code="a">Kamarauli, Mariam</subfield>
<subfield code="u">CSMC</subfield>
</datafield>
<datafield tag="980" ind1=" " ind2=" ">
<subfield code="a">user-csmc</subfield>
</datafield>
<datafield tag="980" ind1=" " ind2=" ">
<subfield code="a">user-uhh</subfield>
</datafield>
</record>